000 00682nam a22002297a 4500
005 20170124105949.0
010 _a977066
020 _c00.00
_a0852263244
035 _a977066
037 _bCen Lib/Ret
040 _aDPL
_bEN
082 _a240
_bGOP
100 _aGopalan, S
_913011
245 _aOutline of jainism /
_cby S. Gopalan
260 _aNew Delhi
_bWiley Eastern
_c1975
270 _aJ 43 A South Extension 1
_bNew Delhi
_e110049
300 _aviii,205p.
_c21cm(Hb)
500 _aIncludes index
650 _aReligion-Jainism
_913012
650 _aEpistemology
_913013
942 _2ddc
_cEN
_h240
_mGOP
999 _c125103
_d125103